[Event "MP Reykjavik Open 2011"]
[Site "Reykjavik ISL"]
[Date "2011.03.13"]
[Round "6.24"]
[White "Thorfinnsson, Bjorn"]
[Black "Thorgeirsson, Sverrir"]
[Result "1-0"]
[WhiteElo "2419"]
[BlackElo "2233"]
[PlyCount "87"]
[EventDate "2011.03.09"]
[EventType "swiss"]
[EventRounds "9"]
[EventCountry "ISL"]
[Source "lmi"]
[SourceDate "2011.03.09"]

1. c4 c6 2. e4 d5 3. exd5 Nf6 4. d4 cxd5 5. Nc3 Nc6 6. Bg5 Be6 7. Nf3 Ne4 8.
Nxe4 dxe4 9. d5 exf3 10. dxe6 Qa5+ 11. Qd2 Qe5+ 12. Qe3 Qa5+ 13. Qd2 Qe5+ 14.
Be3 Qxe6 15. Qd5 Qf6 16. O-O-O Rd8 17. Qxf3 Qxf3 18. Rxd8+ Kxd8 19. gxf3 g6 20.
f4 Kc7 21. Bg2 Bg7 22. Rd1 a6 23. Kc2 Rd8 24. Rxd8 Kxd8 25. Bxc6 bxc6 26. b4 e6
27. Kd3 Bf8 28. c5 Bg7 29. Bd4 Bxd4 30. Kxd4 f6 31. Ke4 Kc7 32. a4 a5 33. b5
Kb7 34. h4 h5 35. Kd4 Kc7 36. bxc6 Kxc6 37. Kc4 e5 38. fxe5 fxe5 39. f3 g5 40.
hxg5 h4 41. g6 h3 42. g7 h2 43. g8=Q h1=Q 44. Qc8# 1-0

[Event "MP Reykjavik Open 2011"]
[Site "Reykjavik ISL"]
[Date "2011.03.13"]
[Round "6.25"]
[White "Holm, Kristian Stuvik"]
[Black "Thorfinnsson, Bragi"]
[Result "1/2-1/2"]
[WhiteElo "2240"]
[BlackElo "2417"]
[PlyCount "65"]
[EventDate "2011.03.09"]
[EventType "swiss"]
[EventRounds "9"]
[EventCountry "ISL"]
[Source "lmi"]
[SourceDate "2011.03.09"]

1. d4 Nf6 2. Nf3 e6 3. Bg5 c5 4. c3 b6 5. e3 Bb7 6. Nbd2 Be7 7. Bd3 d6 8. O-O
O-O 9. Qe2 h6 10. Bh4 a6 11. a4 Nbd7 12. e4 Nh5 13. Bg3 Nxg3 14. fxg3 cxd4 15.
cxd4 e5 16. Nc4 exd4 17. Nxd4 d5 18. exd5 Bxd5 19. Ne3 Bb7 20. Rad1 Bc5 21. Bb1
Qg5 22. b4 Bxd4 23. Rxd4 Ne5 24. Rf5 Qe7 25. Nd5 Bxd5 26. Rxe5 Be6 27. Qe4 g6
28. Ba2 Qf6 29. Bxe6 fxe6 30. h4 Rae8 31. Rd6 Qf2+ 32. Kh2 Rf6 33. Rdxe6
1/2-1/2

[Event "MP Reykjavik Open 2011"]
[Site "Reykjavik ISL"]
[Date "2011.03.13"]
[Round "6.26"]
[White "Dearing, Eddie"]
[Black "Thorhallsson, Gylfi"]
[Result "1-0"]
[WhiteElo "2412"]
[BlackElo "2200"]
[PlyCount "84"]
[EventDate "2011.03.09"]
[EventType "swiss"]
[EventRounds "9"]
[EventCountry "ISL"]
[Source "lmi"]
[SourceDate "2011.03.09"]

1. Nf3 Nf6 2. c4 e6 3. g3 c5 4. Bg2 Nc6 5. O-O Be7 6. d4 cxd4 7. Nxd4 a6 8. Nc3
O-O 9. b3 Qc7 10. Bb2 d6 11. Rc1 Nxd4 12. Qxd4 Bd7 13. Rfd1 Rfd8 14. h3 Rab8
15. e3 Qa5 16. a3 Bc6 17. b4 Qh5 18. e4 Rbc8 19. Qe3 h6 20. Ne2 e5 21. f4 Qg6
22. Nc3 Nh5 23. b5 exf4 24. gxf4 axb5 25. cxb5 Bd7 26. Nd5 Bh4 27. a4 Ng3 28.
Kh2 Nh5 29. Qf3 f5 30. e5 dxe5 31. Bxe5 Be6 32. Nc7 Bf7 33. a5 Rxd1 34. Rxd1
Bd8 35. b6 Bxc7 36. bxc7 Be6 37. Rd6 Qf7 38. Rxe6 Qxe6 39. Qxh5 Qd7 40. Qg6
Rxc7 41. Bxc7 Qxc7 42. Bd5+ Kf8 1-0

[Event "MP Reykjavik Open 2011"]
[Site "Reykjavik ISL"]
[Date "2011.03.13"]
[Round "6.27"]
[White "Omarsson, Dadi"]
[Black "Zelbel, Patrick"]
[Result "0-1"]
[WhiteElo "2214"]
[BlackElo "2410"]
[PlyCount "74"]
[EventDate "2011.03.09"]
[EventType "swiss"]
[EventRounds "9"]
[EventCountry "ISL"]
[Source "lmi"]
[SourceDate "2011.03.09"]

1. e4 c5 2. Nf3 d6 3. d4 cxd4 4. Nxd4 Nf6 5. Nc3 a6 6. Bg5 Nbd7 7. f4 Qc7 8.
Qf3 h6 9. Bh4 g5 10. fxg5 hxg5 11. Bxg5 Qc5 12. Be3 Ne5 13. Qd1 Neg4 14. Bg1
Bh6 15. Qd3 Qe5 16. Nf3 Qa5 17. g3 Be6 18. h3 Ne5 19. Nxe5 dxe5 20. Rd1 Rg8 21.
g4 Bg5 22. Bf2 Rh8 23. Bg2 Rc8 24. O-O Bc4 25. Qf3 Bxf1 26. Rxf1 Bf4 27. Ne2
Rxc2 28. Nxf4 exf4 29. Qxf4 Nd7 30. Qxf7+ Kxf7 31. Bb6+ Ke6 32. Bxa5 Rf8 33.
Rxf8 Nxf8 34. Bc3 Ng6 35. Bf1 Ne5 36. Bg2 Nd3 37. h4 Nf4 0-1

[Event "MP Reykjavik Open 2011"]
[Site "Reykjavik ISL"]
[Date "2011.03.13"]
[Round "6.28"]
[White "Vovk, Oksana"]
[Black "Tiller, Bjorn"]
[Result "1/2-1/2"]
[WhiteElo "2204"]
[BlackElo "2393"]
[PlyCount "108"]
[EventDate "2011.03.09"]
[EventType "swiss"]
[EventRounds "9"]
[EventCountry "ISL"]
[Source "lmi"]
[SourceDate "2011.03.09"]

1. d4 g6 2. Nf3 Bg7 3. e4 d6 4. Bc4 c6 5. Bb3 a5 6. a4 Qc7 7. O-O e5 8. dxe5
dxe5 9. Ng5 Nh6 10. h3 Na6 11. Be3 Qe7 12. Nd2 Nc5 13. Nc4 O-O 14. Bxc5 Qxc5
15. Qd6 Qxd6 16. Nxd6 Bf6 17. Ngxf7 Nxf7 18. Nxf7 Kg7 19. Nd6 b6 20. Rfd1 Be7
21. Nc4 Bc5 22. Nxe5 Bxf2+ 23. Kh1 Ra7 24. Nxc6 Rc7 25. Nd4 Rf4 26. Nb5 Rc5 27.
Rd8 Bg3 28. Nd6 Ba6 29. Rd7+ Kh6 30. c3 Rf2 31. Nf7+ Kh5 32. Bd1+ Be2 33. Bxe2+
Rxe2 34. Rd3 Kh4 35. e5 Bxe5 36. Nxe5 Rcxe5 37. b4 Rb2 38. Rd4+ Kg5 39. bxa5
bxa5 40. Rad1 Ree2 41. Rg4+ Kf6 42. Rd6+ Re6 43. Rxe6+ Kxe6 44. Rg5 Rc2 45.
Rxa5 Rxc3 46. Kh2 Ra3 47. Ra7 h5 48. a5 Kf6 49. a6 Kg5 50. Ra8 Kh6 51. a7 Kg7
52. h4 Kh7 53. Kg1 Ra2 54. Kh2 Ra3 1/2-1/2

[Event "MP Reykjavik Open 2011"]
[Site "Reykjavik ISL"]
[Date "2011.03.13"]
[Round "6.29"]
[White "Locci, Damiano"]
[Black "Ariel, Donny"]
[Result "0-1"]
[WhiteElo "2177"]
[BlackElo "2389"]
[PlyCount "66"]
[EventDate "2011.03.09"]
[EventType "swiss"]
[EventRounds "9"]
[EventCountry "ISL"]
[Source "lmi"]
[SourceDate "2011.03.09"]

1. c4 e5 2. Nc3 Nf6 3. Nf3 Nc6 4. d4 exd4 5. Nxd4 Bc5 6. e3 O-O 7. Be2 Re8 8.
O-O a6 9. b3 Nxd4 10. exd4 Bb4 11. Bb2 d5 12. Bf3 c6 13. cxd5 cxd5 14. Re1 Be6
15. Rc1 Qd6 16. Re3 Rac8 17. Qe2 b5 18. Qd3 Rc6 19. Qb1 Rec8 20. h3 g6 21. Qa1
Ba5 22. a4 b4 23. Ne2 Rxc1+ 24. Nxc1 Bc7 25. Nd3 Qh2+ 26. Kf1 Ne4 27. Nc5 Bf4
28. Rxe4 dxe4 29. Bxe4 Re8 30. f3 Bg3 31. Ke2 Qxg2+ 32. Kd3 Bf5 33. Qd1 Qxb2
0-1

[Event "MP Reykjavik Open 2011"]
[Site "Reykjavik ISL"]
[Date "2011.03.13"]
[Round "6.30"]
[White "Thorhallsson, Throstur"]
[Black "Einarsson, Halldor Gretar"]
[Result "1/2-1/2"]
[WhiteElo "2387"]
[BlackElo "2220"]
[PlyCount "89"]
[EventDate "2011.03.09"]
[EventType "swiss"]
[EventRounds "9"]
[EventCountry "ISL"]
[Source "lmi"]
[SourceDate "2011.03.09"]

1. e4 c5 2. Nf3 Nc6 3. Bb5 d6 4. O-O Bd7 5. Re1 Nf6 6. c3 a6 7. Ba4 c4 8. d4
cxd3 9. Bg5 Ng4 10. Bb3 Qb6 11. Bh4 a5 12. Nbd2 h6 13. Nc4 Qc5 14. Qxd3 g5 15.
Bg3 h5 16. h4 gxh4 17. Bxh4 a4 18. Bc2 b5 19. Ne3 Nge5 20. Nxe5 Nxe5 21. Qd5
Rc8 22. Qxc5 Rxc5 23. a3 Ng6 24. Bg3 h4 25. Bh2 h3 26. Nf5 hxg2 27. Bg3 Bxf5
28. exf5 Nh4 29. Bxd6 Nf3+ 30. Kxg2 Nxe1+ 31. Rxe1 Rc6 32. Bg3 Bg7 33. Be4 Rc5
34. Kf3 Kf8 35. Bf4 Be5 36. Be3 Rc4 37. Bd3 Rh3+ 38. Ke2 Rc7 39. Rg1 b4 40.
cxb4 Bxb2 41. b5 Bxa3 42. Rg4 Bc5 43. b6 Rxe3+ 44. fxe3 Bxb6 45. Rxa4 1/2-1/2

[Event "MP Reykjavik Open 2011"]
[Site "Reykjavik ISL"]
[Date "2011.03.13"]
[Round "6.31"]
[White "Sareen, Vishal"]
[Black "Larusson, Petur Atli"]
[Result "1-0"]
[WhiteElo "2358"]
[BlackElo "2095"]
[PlyCount "77"]
[EventDate "2011.03.09"]
[EventType "swiss"]
[EventRounds "9"]
[EventCountry "ISL"]
[Source "lmi"]
[SourceDate "2011.03.09"]

1. e4 c5 2. Nc3 Nc6 3. Bb5 Nd4 4. Bc4 e6 5. Nf3 Nxf3+ 6. Qxf3 d6 7. d3 Nf6 8.
g4 a6 9. g5 Nd7 10. Bb3 Be7 11. h4 Qc7 12. Be3 Ne5 13. Qe2 Nc6 14. f4 Bd7 15.
Qf2 O-O-O 16. f5 Ne5 17. Rg1 h5 18. O-O-O Kb8 19. Ne2 Rc8 20. Nf4 c4 21. dxc4
Nxc4 22. Kb1 d5 23. Ba7+ Ka8 24. exd5 b6 25. Bxc4 Kxa7 26. dxe6 fxe6 27. Nxe6
Bxe6 28. Bxe6 Rcd8 29. Qf3 Bc5 30. Rgf1 Bd4 31. Rd3 Be5 32. Rfd1 Rxd3 33. Qxd3
Bg3 34. a3 Be5 35. Qe4 Qc5 36. Rd7+ Bc7 37. Qc4 Qxc4 38. Bxc4 Kb8 39. Rxg7 1-0

[Event "MP Reykjavik Open 2011"]
[Site "Reykjavik ISL"]
[Date "2011.03.13"]
[Round "6.32"]
[White "Andersson, Christin"]
[Black "Sipila, Vilka"]
[Result "1/2-1/2"]
[WhiteElo "2163"]
[BlackElo "2347"]
[PlyCount "221"]
[EventDate "2011.03.09"]
[EventType "swiss"]
[EventRounds "9"]
[EventCountry "ISL"]
[Source "lmi"]
[SourceDate "2011.03.09"]

1. e4 Nf6 2. Nc3 Ng8 3. Nf3 e6 4. d4 Nf6 5. Bd3 d5 6. O-O dxe4 7. Nxe4 Nbd7 8.
Re1 Nxe4 9. Bxe4 Nf6 10. Bd3 Be7 11. c3 O-O 12. Bg5 h6 13. Bh4 Nd5 14. Bg3 Bf6
15. Qe2 c6 16. Ne5 Bxe5 17. dxe5 Ne7 18. Rad1 Qa5 19. Bf4 Ng6 20. Bxg6 fxg6 21.
Qe4 Qc7 22. Re3 Qf7 23. Rf3 Qf5 24. Qd4 Qc2 25. Bxh6 Rxf3 26. gxf3 Qf5 27. Qh4
Qxe5 28. Be3 Qh5 29. Qd8+ Kh7 30. Rd4 g5 31. Rg4 e5 32. Rxg5 Qf7 33. Rxe5 Qg6+
34. Qg5 Qxg5+ 35. Rxg5 Be6 36. b3 b6 37. Kf1 Rd8 38. Ke2 g6 39. Re5 Re8 40. f4
Kg7 41. a4 Kf7 42. c4 Rh8 43. a5 c5 44. Kd3 Rh3 45. axb6 axb6 46. b4 cxb4 47.
Rb5 Rxh2 48. Rxb4 Rh8 49. Rxb6 Rc8 50. c5 Bf5+ 51. Kc3 Be4 52. Bd4 Rc6 53. Rb7+
Ke6 54. Rg7 Kd5 55. Rg8 Re6 56. Rd8+ Kc6 57. Kc4 Kc7 58. Rg8 Kc6 59. Rg7 Bd5+
60. Kb4 Be4 61. Be5 Bf3 62. Kc4 Be2+ 63. Kd4 Kb5 64. Rc7 Bd1 65. Ra7 Ra6 66.
Rb7+ Kc6 67. Rc7+ Kb5 68. Bd6 Bc2 69. Kd5 Bb3+ 70. Ke5 Bc2 71. Kf6 Ra2 72. Rg7
Kc6 73. Rc7+ Kd5 74. Re7 Bf5 75. Re5+ Kc6 76. Rxf5 gxf5 77. Kxf5 Rxf2 78. Ke5
Re2+ 79. Kf6 Re1 80. f5 Rf1 81. Ke6 Re1+ 82. Kf7 Rf1 83. f6 Kd7 84. Be7 Rf2 85.
Kf8 Rf1 86. Kf7 Rf2 87. Bd6 Rf1 88. Kg7 Ke6 89. Be7 Ra1 90. Bd8 Rc1 91. Be7 Ra1
92. Bd8 Rc1 93. c6 Rg1+ 94. Kf8 Rc1 95. Ke8 Kd6 96. c7 Re1+ 97. Kf8 Kd7 98. Kg7
Rg1+ 99. Kf7 Rf1 100. Kg7 Rg1+ 101. Kf8 Rf1 102. f7 Rg1 103. Bf6 Kxc7 104. Ke8
Re1+ 105. Kf8 Rg1 106. Ke7 Re1+ 107. Kf8 Rg1 108. Ke8 Re1+ 109. Be7 Rf1 110.
f8=Q Rxf8+ 111. Bxf8 1/2-1/2

[Event "MP Reykjavik Open 2011"]
[Site "Reykjavik ISL"]
[Date "2011.03.13"]
[Round "6.33"]
[White "Forsaa, Espen"]
[Black "Horn, Emilia"]
[Result "1-0"]
[WhiteElo "2340"]
[BlackElo "2031"]
[PlyCount "85"]
[EventDate "2011.03.09"]
[EventType "swiss"]
[EventRounds "9"]
[EventCountry "ISL"]
[Source "lmi"]
[SourceDate "2011.03.09"]

1. c4 c5 2. Nc3 Nc6 3. Nf3 e5 4. e3 Nf6 5. d4 cxd4 6. exd4 e4 7. Ng5 Bb4 8. d5
Ne5 9. Qd4 d6 10. Ngxe4 Nxe4 11. Qxe4 O-O 12. Be2 f5 13. Qf4 Ng6 14. Qd2 f4 15.
O-O Nh4 16. Kh1 Qf6 17. f3 Qh6 18. Bd3 Qh5 19. a3 Bxc3 20. Qxc3 Rf6 21. Qd4 Bd7
22. Bxf4 Raf8 23. Bg3 Nxg2 24. Kxg2 Bh3+ 25. Kg1 Bxf1 26. Rxf1 Rxf3 27. Rxf3
Qxf3 28. Qe4 Qd1+ 29. Kg2 Qd2+ 30. Kh3 g6 31. Bxd6 Qh6+ 32. Kg2 Qd2+ 33. Qe2
Qg5+ 34. Bg3 h5 35. h4 Qf6 36. Qe6+ Qxe6 37. dxe6 Re8 38. c5 Kg7 39. Be5+ Kh6
40. Bf4+ Kg7 41. Bc4 Rc8 42. e7 Kf6 43. Bg5+ 1-0

[Event "MP Reykjavik Open 2011"]
[Site "Reykjavik ISL"]
[Date "2011.03.13"]
[Round "6.34"]
[White "Sigfusson, Sigurdur"]
[Black "Byron, Alan M"]
[Result "1-0"]
[WhiteElo "2336"]
[BlackElo "2183"]
[PlyCount "79"]
[EventDate "2011.03.09"]
[EventType "swiss"]
[EventRounds "9"]
[EventCountry "ISL"]
[Source "lmi"]
[SourceDate "2011.03.09"]

1. e4 e6 2. d4 d5 3. e5 c5 4. c3 Nc6 5. Nf3 Qb6 6. a3 cxd4 7. cxd4 Nge7 8. b4
Nf5 9. Bb2 a5 10. b5 a4 11. g4 Nh6 12. Nc3 Na5 13. Nxa4 Qd8 14. Nd2 Be7 15. Bd3
O-O 16. O-O g5 17. h3 f5 18. exf6 Bd6 19. Nf3 Bf4 20. Ne5 Rxf6 21. Qc2 Nf7 22.
Bxh7+ Kg7 23. Bd3 Nxe5 24. dxe5 Rh6 25. Kg2 b6 26. Bd4 Nc4 27. Rh1 Bb7 28. Rae1
Nxa3 29. Qd1 Nc4 30. Bc2 Qe8 31. Nxb6 Nxb6 32. Bxb6 Qxb5 33. Bd4 Ra3 34. Qb1
Qa6 35. Qb4 Kf7 36. Ra1 Rhxh3 37. Rxa3 Rxh1 38. Rxa6 Rh2+ 39. Kg1 Bxa6 40. Qd6
1-0

[Event "MP Reykjavik Open 2011"]
[Site "Reykjavik ISL"]
[Date "2011.03.13"]
[Round "6.35"]
[White "Sahl, Sheila Barth"]
[Black "Getz, Nicolai"]
[Result "0-1"]
[WhiteElo "2173"]
[BlackElo "2333"]
[PlyCount "156"]
[EventDate "2011.03.09"]
[EventType "swiss"]
[EventRounds "9"]
[EventCountry "ISL"]
[Source "lmi"]
[SourceDate "2011.03.09"]

1. e4 e5 2. Nf3 Nc6 3. Bb5 a6 4. Ba4 Nf6 5. O-O Be7 6. Qe2 b5 7. Bb3 O-O 8. c3
d5 9. d3 Bb7 10. Re1 Re8 11. Nbd2 Bf8 12. Nf1 Na5 13. Bc2 c5 14. Bg5 h6 15. Bh4
d4 16. h3 Nc6 17. N3h2 Qd6 18. Bxf6 Qxf6 19. Ng4 Qe7 20. Qf3 h5 21. Ngh2 g6 22.
a3 c4 23. Nd2 cxd3 24. Bxd3 dxc3 25. bxc3 Rac8 26. a4 b4 27. cxb4 Nd4 28. Qe3
Qxb4 29. Reb1 Qc3 30. Bc4 Rxc4 31. Nxc4 Qxc4 32. Rxb7 Nc2 33. Qc1 Qxe4 34. Rab1
Qxa4 35. Rb8 Nd4 36. Qe1 Kg7 37. Rxe8 Qxe8 38. Nf1 Bc5 39. Ne3 Qe6 40. Kh1 Nf5
41. Qc3 Bxe3 42. fxe3 Qd5 43. Rb8 Qe4 44. Qb4 Qxb4 45. Rxb4 Kf6 46. e4 Ng3+ 47.
Kh2 h4 48. Rb6+ Kg5 49. Rxa6 Nxe4 50. Ra4 Kf4 51. Kg1 f5 52. Ra3 Ng3 53. Rf3+
Kg5 54. Kf2 e4 55. Ra3 Kf4 56. Rb3 Nh5 57. Ra3 g5 58. Rb3 Nf6 59. g3+ hxg3+ 60.
Rxg3 Nd7 61. Ra3 Ne5 62. Ke2 Nf3 63. Kf2 Nd4 64. Rc3 Nf3 65. Ra3 g4 66. hxg4
fxg4 67. Ra8 e3+ 68. Kg2 e2 69. Rf8+ Kg5 70. Rg8+ Kf6 71. Rxg4 e1=Q 72. Kxf3
Kf5 73. Rf4+ Ke5 74. Rg4 Qd1+ 75. Kg3 Kf5 76. Rf4+ Kg5 77. Rf3 Qa4 78. Kh3 Qg4+
0-1

[Event "MP Reykjavik Open 2011"]
[Site "Reykjavik ISL"]
[Date "2011.03.13"]
[Round "6.36"]
[White "Maack, Kjartan"]
[Black "Carstensen, Jacob"]
[Result "0-1"]
[WhiteElo "2157"]
[BlackElo "2332"]
[PlyCount "64"]
[EventDate "2011.03.09"]
[EventType "swiss"]
[EventRounds "9"]
[EventCountry "ISL"]
[Source "lmi"]
[SourceDate "2011.03.09"]

1. Nf3 Nf6 2. c4 e6 3. g3 d5 4. Bg2 Nc6 5. O-O Be7 6. b3 d4 7. Bb2 e5 8. e3 O-O
9. exd4 exd4 10. d3 h6 11. Na3 Bc5 12. Nc2 a5 13. a3 Bf5 14. b4 axb4 15. axb4
Rxa1 16. Bxa1 Nxb4 17. Nxb4 Bxb4 18. Nxd4 Bh7 19. Qf3 Be7 20. Qxb7 Re8 21. Bc6
Rf8 22. Rd1 Bd6 23. Nb5 Ng4 24. Qa7 Be5 25. d4 Qf6 26. dxe5 Qxc6 27. Qd4 Qf3
28. e6 Nf6 29. exf7+ Rxf7 30. Nc3 Rd7 31. Nd5 Be4 32. Nxf6+ gxf6 0-1

[Event "MP Reykjavik Open 2011"]
[Site "Reykjavik ISL"]
[Date "2011.03.13"]
[Round "6.37"]
[White "Gretarsson, Hjorvar Steinn"]
[Black "Ragnarsson, Johann"]
[Result "1-0"]
[WhiteElo "2444"]
[BlackElo "2089"]
[PlyCount "57"]
[EventDate "2011.03.09"]
[EventType "swiss"]
[EventRounds "9"]
[EventCountry "ISL"]
[Source "lmi"]
[SourceDate "2011.03.09"]

1. c4 c6 2. Nf3 d5 3. d4 e6 4. e3 f5 5. Bd3 Bd6 6. O-O Nh6 7. b3 Qe7 8. Bb2 Nd7
9. Qc1 O-O 10. Ne5 Ng4 11. f4 Ndxe5 12. fxe5 Qh4 13. h3 Be7 14. hxg4 fxg4 15.
Rxf8+ Bxf8 16. Nd2 Be7 17. Qe1 Qh6 18. Nf1 Bd7 19. a4 Rf8 20. Ba3 Bxa3 21. Rxa3
Qg5 22. Ra2 h5 23. Rf2 h4 24. Rxf8+ Kxf8 25. Qb4+ Ke8 26. Qxb7 h3 27. Qb8+ Ke7
28. Qb4+ Ke8 29. g3 1-0

[Event "MP Reykjavik Open 2011"]
[Site "Reykjavik ISL"]
[Date "2011.03.13"]
[Round "6.38"]
[White "Spaan, Nathanael"]
[Black "Devereaux, Maxim L"]
[Result "0-1"]
[WhiteElo "2228"]
[BlackElo "2385"]
[PlyCount "155"]
[EventDate "2011.03.09"]
[EventType "swiss"]
[EventRounds "9"]
[EventCountry "ISL"]
[Source "lmi"]
[SourceDate "2011.03.09"]

1. e4 c5 2. Nf3 Nc6 3. Nc3 Nf6 4. d4 cxd4 5. Nxd4 e5 6. Ndb5 d6 7. Nd5 Nxd5 8.
exd5 Nb8 9. c4 Be7 10. Be2 a6 11. Nc3 O-O 12. O-O Nd7 13. Be3 f5 14. f4 Bf6 15.
Qd2 b6 16. g3 g6 17. b4 Bb7 18. Rac1 Re8 19. Rfe1 a5 20. Nb5 exf4 21. gxf4 Qb8
22. a3 axb4 23. axb4 Bh4 24. Red1 Ba6 25. Nd4 Nf6 26. Ne6 Bc8 27. Bf3 Ra3 28.
Ra1 Rb3 29. Rdb1 Rxb1+ 30. Rxb1 Qb7 31. Qg2 Nd7 32. Bd4 Bf6 33. Bxf6 Nxf6 34.
Ra1 Bxe6 35. dxe6 Qg7 36. Ra6 Ne4 37. Bxe4 Qd4+ 38. Qf2 Qxe4 39. Rxb6 Qxc4 40.
Rb7 Qc1+ 41. Kg2 Qc6+ 42. Qf3 Qc2+ 43. Kg3 Rxe6 44. Rd7 Qc8 45. Ra7 Re4 46.
Qb3+ Qc4 47. Qxc4+ Rxc4 48. Rd7 Rxb4 49. Rxd6 Kg7 50. Rd3 Kh6 51. Ra3 Kh5 52.
h3 h6 53. Rf3 Rb5 54. Rc3 g5 55. Rf3 Ra5 56. Rf2 Ra3+ 57. Kg2 g4 58. hxg4+ Kxg4
59. Rb2 h5 60. Kh2 Rf3 61. Rb8 Rf2+ 62. Kg1 Ra2 63. Kf1 h4 64. Rg8+ Kxf4 65.
Rh8 Kf3 66. Kg1 f4 67. Re8 Re2 68. Rh8 Rd2 69. Re8 Rd1+ 70. Kh2 Kf2 71. Re4 f3
72. Re8 Kf1 73. Kh1 f2 74. Kh2 Rd2 75. Re7 Re2 76. Ra7 Re3 77. Ra1+ Ke2 78.
Ra2+ 0-1

[Event "MP Reykjavik Open 2011"]
[Site "Reykjavik ISL"]
[Date "2011.03.13"]
[Round "6.39"]
[White "Rothe, Guido"]
[Black "Arngrimsson, Dagur"]
[Result "1-0"]
[WhiteElo "2171"]
[BlackElo "2367"]
[PlyCount "121"]
[EventDate "2011.03.09"]
[EventType "swiss"]
[EventRounds "9"]
[EventCountry "ISL"]
[Source "lmi"]
[SourceDate "2011.03.09"]

1. e4 e5 2. Bc4 Nf6 3. d4 Nc6 4. Nf3 exd4 5. O-O Nxe4 6. Re1 d5 7. Bxd5 Qxd5 8.
Nc3 Qa5 9. Nxe4 Be6 10. Neg5 O-O-O 11. Nxe6 fxe6 12. Rxe6 Bd6 13. Bg5 Rdf8 14.
Qe2 Qd5 15. Qe4 Qxe4 16. Rxe4 Rf5 17. Rd1 Rhf8 18. Bh4 Bc5 19. Bg3 Bb6 20. Ne1
Nb4 21. a3 Nd5 22. Nd3 Ne3 23. Rd2 c5 24. h3 Nd5 25. Ne5 Nf6 26. Ree2 Bc7 27.
b4 Re8 28. Nd3 Rxe2 29. Rxe2 c4 30. Nc5 Bb6 31. Re5 Rxe5 32. Bxe5 Bxc5 33. bxc5
d3 34. cxd3 cxd3 35. Kf1 Ne4 36. Bxg7 d2 37. Ke2 Nxf2 38. Kxd2 Ne4+ 39. Ke3
Nxc5 40. Bd4 Nd7 41. Kf4 Nf8 42. Kf5 b6 43. g4 Kd7 44. Kf6 Kd6 45. Kf7 Ne6 46.
Be3 Ke5 47. h4 Nd8+ 48. Kg7 Ke4 49. Bd2 Kf3 50. g5 Kg4 51. Kxh7 Kxh4 52. g6 Ne6
53. Kg8 Kg4 54. Kf7 Kf5 55. Be3 Nd8+ 56. Ke7 Ne6 57. Bd4 a6 58. g7 Nxg7 59.
Bxg7 Ke4 60. Kd6 Kd3 61. Kc6 1-0

[Event "MP Reykjavik Open 2011"]
[Site "Reykjavik ISL"]
[Date "2011.03.13"]
[Round "6.40"]
[White "Johannesson, Ingvar Thor"]
[Black "Bjornsson, Tomas"]
[Result "1-0"]
[WhiteElo "2338"]
[BlackElo "2158"]
[PlyCount "80"]
[EventDate "2011.03.09"]
[EventType "swiss"]
[EventRounds "9"]
[EventCountry "ISL"]
[Source "lmi"]
[SourceDate "2011.03.09"]

1. c4 c6 2. Nf3 d5 3. g3 Nf6 4. Bg2 e6 5. Qc2 Bd6 6. d4 O-O 7. Nbd2 Nbd7 8. O-O
Qe7 9. Rd1 b6 10. e4 dxe4 11. Nxe4 Nxe4 12. Qxe4 Bb7 13. Bf4 Nf6 14. Bxd6 Qxd6
15. Qe3 Rfd8 16. Ne5 Nd7 17. Bf3 Nxe5 18. dxe5 Qe7 19. Rac1 c5 20. Bxb7 Qxb7
21. Rd3 Rxd3 22. Qxd3 Qc7 23. Rd1 h6 24. f4 Qc6 25. Kf2 g6 26. Qf3 Qxf3+ 27.
Kxf3 a6 28. Rd7 b5 29. Ke3 Rb8 30. Kd2 Kf8 31. Ra7 bxc4 32. Kc3 Rd8 33. Rxa6
Rd3+ 34. Kxc4 Rd2 35. Rb6 Rc2+ 36. Kd3 Rxh2 37. a4 Rg2 38. a5 Rxg3+ 39. Kc4 Rg1
40. Kxc5 h5 1-0

[Event "MP Reykjavik Open 2011"]
[Site "Reykjavik ISL"]
[Date "2011.03.13"]
[Round "6.41"]
[White "Sellitti, Federico"]
[Black "Geske, Julian"]
[Result "1/2-1/2"]
[WhiteElo "2142"]
[BlackElo "2329"]
[PlyCount "81"]
[EventDate "2011.03.09"]
[EventType "swiss"]
[EventRounds "9"]
[EventCountry "ISL"]
[Source "lmi"]
[SourceDate "2011.03.09"]

1. e4 e5 2. f4 exf4 3. Bc4 Ne7 4. Nc3 c6 5. Qf3 Ng6 6. d4 Bb4 7. Nge2 O-O 8.
O-O d5 9. exd5 Bf5 10. Bb3 Bxc3 11. Nxc3 cxd5 12. Nxd5 Nc6 13. c3 Na5 14. Nxf4
Nxb3 15. axb3 Nxf4 16. Bxf4 Qb6 17. Bc7 Qxc7 18. Qxf5 Qb6 19. b4 a6 20. Rae1
Qd8 21. Qe4 Qb6 22. Rf5 a5 23. b5 g6 24. Re5 a4 25. Re7 Qxb5 26. Qxb7 Qc4 27.
Qf3 Rab8 28. Rb7 Rxb7 29. Qxb7 a3 30. bxa3 Qxc3 31. Qb4 Qd3 32. a4 Rd8 33. a5
Rxd4 34. Re8+ Kg7 35. Qf8+ Kf6 36. Qe7+ Kg7 37. h4 Rd5 38. Qf8+ Kf6 39. Qe7+
Kg7 40. Qf8+ Kf6 41. Qe7+ 1/2-1/2

[Event "MP Reykjavik Open 2011"]
[Site "Reykjavik ISL"]
[Date "2011.03.13"]
[Round "6.42"]
[White "Stigar, Petter"]
[Black "Huguet, Sergio"]
[Result "1-0"]
[WhiteElo "2328"]
[BlackElo "2140"]
[PlyCount "55"]
[EventDate "2011.03.09"]
[EventType "swiss"]
[EventRounds "9"]
[EventCountry "ISL"]
[Source "lmi"]
[SourceDate "2011.03.09"]

1. c4 e5 2. g3 Nf6 3. Bg2 c6 4. d4 exd4 5. Qxd4 d5 6. Nf3 Be7 7. cxd5 cxd5 8.
O-O Nc6 9. Qa4 O-O 10. Nc3 Be6 11. Rd1 Qd7 12. Be3 Rfd8 13. Rac1 Ng4 14. Bd4
Nxd4 15. Nxd4 Qd6 16. Nxe6 Qxe6 17. Nxd5 Bg5 18. e3 Nxf2 19. Kxf2 Rxd5 20. Bxd5
Qxe3+ 21. Kf1 Re8 22. Qc4 Re5 23. Rc2 g6 24. Rf2 Kg7 25. Qd4 Qxd4 26. Rxd4 Be3
27. Rxf7+ Kg8 28. Re7+ 1-0

[Event "MP Reykjavik Open 2011"]
[Site "Reykjavik ISL"]
[Date "2011.03.13"]
[Round "6.43"]
[White "Mihajlov, Svetoslav"]
[Black "Kjartansson, Gudmundur"]
[Result "0-1"]
[WhiteElo "2087"]
[BlackElo "2327"]
[PlyCount "126"]
[EventDate "2011.03.09"]
[EventType "swiss"]
[EventRounds "9"]
[EventCountry "ISL"]
[Source "lmi"]
[SourceDate "2011.03.09"]

1. e4 c6 2. d4 d5 3. Nd2 dxe4 4. Nxe4 Bf5 5. Ng3 Bg6 6. Nf3 Nd7 7. h4 h6 8. h5
Bh7 9. Bd3 Bxd3 10. Qxd3 e6 11. Bf4 Qa5+ 12. Bd2 Bb4 13. Ne4 Ngf6 14. Nd6+ Ke7
15. Nxb7 Bxd2+ 16. Nxd2 Qb4 17. Qa3 Qxa3 18. bxa3 Rab8 19. Na5 Rhc8 20. c4 c5
21. dxc5 Rxc5 22. Ndb3 Re5+ 23. Kd2 Rc8 24. f3 Nxh5 25. Rae1 Rg5 26. g4 Nhf6
27. Kc3 h5 28. gxh5 Nxh5 29. Rh3 Rf5 30. Kd4 Nc5 31. Kc3 Nd3 32. Reh1 Ndf4 33.
R3h2 Ng3 34. Rh8 Rc7 35. Rd1 Ng6 36. Ra8 Rxf3+ 37. Kb4 Ne5 38. Nd4 Rd3 39. Rxd3
Nxd3+ 40. Kc3 Ne5 41. Nb5 Rd7 42. Rxa7 Ne4+ 43. Kb4 g5 44. Rxd7+ Kxd7 45. Nd4
g4 46. Ne2 g3 47. Nb3 g2 48. Ng1 f5 49. Nc5+ Kd6 50. Nxe4+ fxe4 51. c5+ Kc6 52.
Ne2 Nf3 53. Kc4 e5 54. a4 Nd4 55. Ng1 e3 56. Kd3 e2 57. Kd2 e4 58. Ke1 Nf3+ 59.
Kxe2 Nxg1+ 60. Kf2 e3+ 61. Kxg2 e2 62. Kf2 Kxc5 63. a3 Kb6 0-1

[Event "MP Reykjavik Open 2011"]
[Site "Reykjavik ISL"]
[Date "2011.03.13"]
[Round "6.44"]
[White "Salewski, Bernd"]
[Black "Lagerman, Robert"]
[Result "0-1"]
[WhiteElo "2056"]
[BlackElo "2320"]
[PlyCount "92"]
[EventDate "2011.03.09"]
[EventType "swiss"]
[EventRounds "9"]
[EventCountry "ISL"]
[Source "lmi"]
[SourceDate "2011.03.09"]

1. d4 Nf6 2. Nc3 d5 3. Bg5 Nbd7 4. Nf3 g6 5. Qd2 h6 6. Bf4 c6 7. e3 Bg7 8. Be2
Nh5 9. Be5 Nxe5 10. Nxe5 Nf6 11. O-O O-O 12. Rfc1 Nd7 13. f4 Nxe5 14. fxe5 f6
15. Bd3 Kh7 16. exf6 exf6 17. Ne2 f5 18. Nf4 Qe7 19. c4 dxc4 20. Bxc4 Bd7 21.
Re1 Rae8 22. Bd3 Qd6 23. Qf2 c5 24. dxc5 Qxc5 25. Qg3 Qb6 26. Kh1 Be5 27. h4
Qf6 28. Qf2 g5 29. Nd5 Qf7 30. e4 f4 31. Rf1 Qh5 32. Be2 g4 33. Rad1 Be6 34.
Kg1 f3 35. gxf3 g3 36. Qg2 Qxh4 37. Qh1 Bh3 38. Ne3 g2 39. Nxg2 Rg8 40. Rf2 Bf4
41. Rd7+ Kh8 42. Bf1 Be3 43. Rdd2 Rxg2+ 44. Bxg2 Rg8 45. Kf1 Bxg2+ 46. Qxg2
Rxg2 0-1